SM-Liigan pistepörssin voittajat - Statistics

Yleistilastot
  • Tätä visaa on pelattu 95 kertaa
    5 viimeisimmän päivityksen jälkeen
  • Keskiarvotulos 7 / 14
Vastaustilastot
kausi joukkue Kansalaisuus maalit syötöt pisteet Vastaus % Oikein
2024-25 Sport Suomi 21 42 63 Atro Leppänen
80%
2016-17 Tappara Suomi 15 45 60 Henrik Haapala
80%
2015-16 Tappara Suomi 20 39 59 Kristian Kuusela
80%
2025-26 Tappara Suomi 25 52 77 Benjamin Rautiainen
60%
2020-21 HPK Suomi 14 41 55 Petri Kontiola
60%
2021-22 Tappara Suomi 26 35 61 Anton Levtchi
40%
2017-18 JYP Suomi 21 39 60 Antti Suomela
40%
2012-13 Kärpät Suomi 28 31 59 Juha-Pekka Haataja
40%
2014-15 Blues Suomi 13 45 58 Kim Hirschovits
40%
2018-19 Kookoo Ruotsi 30 27 57 Malte Strömwall
40%
2022-23 HPK Kanada 25 39 64 Michael Joly
40%
2023-24 Ilves Suomi 20 44 64 Oula Palve
40%
2013-14 Lukko Suomi 20 32 50 Ville Vahalahti
20%
2019-20 Lukko Kanada 27 33 60 Justin Danforth
0%
Ehtoja vastaavia visoja ei löytynyt
Tulosjakauma
Jokaisen tuloksen saaneiden osuus
Persentiili vastausten määrän mukaan
Tuloshistoriasi
Et ole pelannut tätä visaa sen viimeisimmän päivityksen jälkeen